00476nam a2200193 a 4500001001300000003000900013005001700022008004100039020000800080082001300088100001600101245003800117260003200155300000900187500003500196505001000231650002500241700001600266nice12345678IN_TiNIC20260116011503.0050524s1960 newa grp 000 0 eng  ac000a937bHAM aHamilton, E aRoman Way to Western Civilisation aNew YorkbMentor Bookc1960 a159p aincludes index and biblioraphy2 aIndex aRoman Empire-History1 aHamilton, E